Statistics for ALL Endemic Australian Birds by Picture

Click here to take the quiz!

General Stats

  • This quiz has been taken 40 times
    (27 since last reset)
  • The average score is 103 of 349

Answer Stats

Answer% Correct
Galah
100%
Grey Currawong
86%
Cockatiel
79%
Crested Pigeon
71%
Crimson Rosella
71%
Flame Robin
71%
Gouldian Finch
71%
Long-billed Corella
71%
Major Mitchell's Cockatoo
71%
Powerful Owl
71%
Scarlet Robin
71%
Superb Fairy-wren
71%
Zebra Finch
71%
Australian Brush-turkey
64%
Black Swan
64%
Budgerigar
64%
Cape Barren Goose
64%
Chestnut Teal
64%
Eastern Rosella
64%
Eastern Yellow Robin
64%
Gang-Gang Cockatoo
64%
Hoary-headed Grebe
64%
Pacific Gull
64%
Rainbow Lorikeet
64%
Satin Bowerbird
64%
Tawny Frogmouth
64%
Apostlebird
57%
Australian Pelican
57%
Australian Raven
57%
Australian Wood Duck
57%
Black Currawong
57%
Blue-billed Duck
57%
Double-barred Finch
57%
Eastern Whipbird
57%
Emu
57%
Freckled Duck
57%
Green Catbird
57%
Laughing Kookaburra
57%
Mistletoebird
57%
Musk Duck
57%
Musk Lorikeet
57%
Noisy Miner
57%
Pied Currawong
57%
Pink-eared Duck
57%
Red-browed Finch
57%
Regent Honeyeater
57%
Rose Robin
57%
Superb Lyrebird
57%
White-winged Chough
57%
White-winged Fairy-wren
57%
Banded Stilt
50%
Crimson Chat
50%
Diamond Dove
50%
Greater Bluebonnet
50%
Grey Butcherbird
50%
Malleefowl
50%
Northern Rosella
50%
Pink Robin
50%
Red-necked Avocet
50%
Red-tailed Black-Cockatoo
50%
Red Wattlebird
50%
Sooty Oystercatcher
50%
Splendid Fairy-wren
50%
Spotted Pardalote
50%
Swift Parrot
50%
Variegated Fairy-wren
50%
White-plumed Honeyeater
50%
Yellow-tailed Black-Cockatoo
50%
Yellow Wattlebird
50%
Albert's Lyrebird
43%
Australian King-Parrot
43%
Australian Painted-Snipe
43%
Banded Lapwing
43%
Bassian Thrush
43%
Baudin's Black-Cockatoo
43%
Black-breasted Buzzard
43%
Black-shouldered Kite
43%
Carnaby's Black-Cockatoo
43%
Eastern Spinebill
43%
Forest Raven
43%
Grey Goshawk
43%
Little Raven
43%
Mulga Parrot
43%
New Holland Honeyeater
43%
Painted Button-quail
43%
Pale-headed Rosella
43%
Plumed Whistling-Duck
43%
Purple-crowned Fairy-wren
43%
Rainbow Pitta
43%
Red-capped Robin
43%
Red-rumped Parrot
43%
Regent Bowerbird
43%
Regent Parrot
43%
Scaly-breasted Lorikeet
43%
Sooty Owl
43%
Spinifex Pigeon
43%
Striated Pardalote
43%
Striated Thornbill
43%
Superb Parrot
43%
Topknot Pigeon
43%
Varied Sittella
43%
White-browed Woodswallow
43%
White-eared Honeyeater
43%
Yellow-billed Spoonbill
43%
Bell Miner
36%
Black-faced Cormorant
36%
Black-tailed Native-hen
36%
Blue-winged Parrot
36%
Brown Cuckoo-Dove
36%
Brush Bronzewing
36%
Chirruping Wedgebill
36%
Common Bronzewing
36%
Eastern Shrike-tit
36%
Fairy Martin
36%
Forty-spotted Pardalote
36%
Golden-shouldered Parrot
36%
Golden Whistler
36%
Ground Parrot
36%
Little Lorikeet
36%
Long-tailed Finch
36%
Orange-bellied Parrot
36%
Orange Chat
36%
Painted Honeyeater
36%
Plains-wanderer
36%
Princess Parrot
36%
Red-collared Lorikeet
36%
Scarlet Honeyeater
36%
Squatter Pigeon
36%
Stubble Quail
36%
White-headed Pigeon
36%
Wonga Pigeon
36%
Yellow Chat
36%
Australian Logrunner
29%
Australian Ringneck
29%
Australian Spotted Crake
29%
Black-breasted Button-quail
29%
Black Falcon
29%
Black-throated Finch
29%
Bourke's Parrot
29%
Brown Gerygone
29%
Brown Thornbill
29%
Chestnut Quail-thrush
29%
Chiming Wedgebill
29%
Crested Bellbird
29%
Diamond Firetail
29%
Dusky Woodswallow
29%
Gibberbird
29%
Great Bowerbird
29%
Green Rosella
29%
Grey Falcon
29%
Hooded Plover
29%
Hooded Robin
29%
Jacky Winter
29%
Little Crow
29%
Little Eagle
29%
Little Wattlebird
29%
Night Parrot
29%
Red-capped Parrot
29%
Red-lored Whistler
29%
Redthroat
29%
Southern Scrub-robin
29%
Square-tailed Kite
29%
Star Finch
29%
Weebill
29%
Western Corella
29%
Western Rosella
29%
White-fronted Chat
29%
White-naped Honeyeater
29%
White-necked Heron
29%
Yellow-faced Honeyeater
29%
Australian Masked-Owl
21%
Beautiful Firetail
21%
Black-chinned Honeyeater
21%
Black Grasswren
21%
Black Honeyeater
21%
Blue-breasted Fairy-wren
21%
Bridled Honeyeater
21%
Chestnut-crowned Babbler
21%
Chestnut-quilled Rock-Pigeon
21%
Chowchilla
21%
Crescent Honeyeater
21%
Elegant Parrot
21%
Flock Bronzewing
21%
Fuscous Honeyeater
21%
Glossy Black-Cockatoo
21%
Golden Bowerbird
21%
Hooded Parrot
21%
Inland Dotterel
21%
Letter-winged Kite
21%
Lewin's Honeyeater
21%
Little Button-quail
21%
Mallee Emu-wren
21%
Masked Finch
21%
Northern Scrub-robin
21%
Northern Shrike-tit
21%
Painted Finch
21%
Partridge Pigeon
21%
Pied Honeyeater
21%
Pied Monarch
21%
Plum-headed Finch
21%
Purple-crowned Lorikeet
21%
Purple-gaped Honeyeater
21%
Red-backed Fairy-wren
21%
Red-browed Pardalote
21%
Red-browed Treecreeper
21%
Red Goshawk
21%
Restless Flycatcher
21%
Rock Parrot
21%
Rufous Bristlebird
21%
Sandstone Shrike-thrush
21%
Scarlet-chested Parrot
21%
Scrubtit
21%
Shy Heathwren
21%
Singing Honeyeater
21%
Southern Whiteface
21%
Speckled Warbler
21%
Spiny-cheeked Honeyeater
21%
Varied Lorikeet
21%
Western Bowerbird
21%
Western Bristlebird
21%
Western Shrike-tit
21%
Western Spinebill
21%
White-backed Swallow
21%
White-browed Scrubwren
21%
White-browed Treecreeper
21%
White-fronted Honeyeater
21%
White-gaped Honeyeater
21%
White-throated Treecreeper
21%
Yellow Thornbill
21%
Atherton Scrubwren
14%
Banded Fruit-Dove
14%
Banded Honeyeater
14%
Banded Whiteface
14%
Black-eared Cuckoo
14%
Black-headed Honeyeater
14%
Brown-headed Honeyeater
14%
Brown Songlark
14%
Brown Treecreeper
14%
Buff-rumped Thornbill
14%
Buff-sided Robin
14%
Chestnut-backed Button-quail
14%
Chestnut-rumped Heathwren
14%
Chestnut-rumped Thornbill
14%
Eastern Bristlebird
14%
Fernwren
14%
Gilbert's Honeyeater
14%
Grey Grasswren
14%
Grey Honeyeater
14%
Ground Cuckoo-shrike
14%
Inland Thornbill
14%
Kalkadoon Grasswren
14%
Large-billed Scrubwren
14%
Lovely Fairy-wren
14%
Macleay's Honeyeater
14%
Naretha Bluebonnet
14%
Noisy Scrub-bird
14%
Olive Whistler
14%
Pale-yellow Robin
14%
Paradise Riflebird
14%
Pilotbird
14%
Red-chested Button-quail
14%
Red-eared Firetail
14%
Red-winged Fairy-wren
14%
Rockwarbler
14%
Rufous Scrub-bird
14%
Rufous Songlark
14%
Rufous-throated Honeyeater
14%
Spinifexbird
14%
Spotted Bowerbird
14%
Spotted Nightjar
14%
Spotted Quail-thrush
14%
Striated Grasswren
14%
Striped Honeyeater
14%
Strong-billed Honeyeater
14%
Tasmanian Native-hen
14%
Tasmanian Thornbill
14%
Tawny-crowned Honeyeater
14%
Tooth-billed Bowerbird
14%
Western Gerygone
14%
Western Wattlebird
14%
Western Whipbird
14%
White-browed Babbler
14%
White-cheeked Honeyeater
14%
White-eared Monarch
14%
White-quilled Rock-Pigeon
14%
White-throated Nightjar
14%
Yellow-plumed Honeyeater
14%
Yellow-rumped Mannikin
14%
Yellow-rumped Thornbill
14%
Yellow-throated Honeyeater
14%
Yellow-throated Miner
14%
Yellow-tufted Honeyeater
14%
Yellow White-eye
14%
Australian Swiftlet
7%
Bar-breasted Honeyeater
7%
Black-eared Miner
7%
Black-tailed Treecreeper
7%
Bower's Shrike-thrush
7%
Carpentarian Grasswren
7%
Chestnut-breasted Quail-thrush
7%
Chestnut-breasted Whiteface
7%
Cinnamon Quail-thrush
7%
Dusky Gerygone
7%
Dusky Grasswren
7%
Dusky Robin
7%
Eungella Honeyeater
7%
Eyrean Grasswren
7%
Frilled Monarch
7%
Gilbert's Whistler
7%
Grey-fronted Honeyeater
7%
Grey-headed Honeyeater
7%
Grey Whistler
7%
Hall's Babbler
7%
Kimberley Honeyeater
7%
Mangrove Honeyeater
7%
Nullarbor Quail-thrush
7%
Pictorella Mannikin
7%
Red-backed Kingfisher
7%
Rufous-crowned Emu-wren
7%
Rufous Fieldwren
7%
Rufous Grasswren
7%
Rufous Treecreeper
7%
Short-tailed Grasswren
7%
Silver-crowned Friarbird
7%
Slaty-backed Thornbill
7%
Slender-billed Thornbill
7%
Southern Emu-wren
7%
Spotted Scrubwren
7%
Striated Fieldwren
7%
Tasmanian Boobook
7%
Tasmanian Scrubwren
7%
Thick-billed Grasswren
7%
Turquoise Parrot
7%
Victoria's Riflebird
7%
Western Fieldwren
7%
Western Grasswren
7%
Western Quail-thrush
7%
Western Thornbill
7%
Western Yellow Robin
7%
White-breasted Robin
7%
White-breasted Whistler
7%
White-browed Robin
7%
White-lined Honeyeater
7%
White-streaked Honeyeater
7%
White-throated Grasswren
7%
Yellow Honeyeater
7%
Yellow-spotted Honeyeater
7%
Yellow-throated Scrubwren
7%
Mountain Thornbill
0%

Score Distribution

Percentile by Number Answered

Percent of People with Each Score

Your Score History

You have not taken this quiz since the last reset